Company law/ (Record no. 314586)
[ view plain ]
| 000 -LEADER | |
|---|---|
| fixed length control field | 00777nam a2200301 a 4500 |
| 001 - CONTROL NUMBER | |
| control field | vtls000354787 |
| 003 - CONTROL NUMBER IDENTIFIER | |
| control field | NLI |
| 005 - DATE AND TIME OF LATEST TRANSACTION | |
| control field | 20210602171443.0 |
| 008 - FIXED-LENGTH DATA ELEMENTS--GENERAL INFORMATION | |
| fixed length control field | 110113s2003 ii e 000 0 eng d |
| 020 ## - INTERNATIONAL STANDARD BOOK NUMBER | |
| International Standard Book Number | 9788180540783 (pbk.) |
| Terms of availability | Rs.125.00 |
| 039 #9 - LEVEL OF BIBLIOGRAPHIC CONTROL AND CODING DETAIL [OBSOLETE] | |
| -- | 201101132037 |
| -- | VLOAD |
| 040 ## - CATALOGING SOURCE | |
| Original cataloging agency | NLI : |
| Language of cataloging | eng |
| Transcribing agency | NLMARC21 |
| 041 0# - LANGUAGE CODE | |
| Language code of text/sound track or separate title | eng |
| 044 ## - COUNTRY OF PUBLISHING/PRODUCING ENTITY CODE | |
| MARC country code | ii |
| 082 04 - DEWEY DECIMAL CLASSIFICATION NUMBER | |
| Classification number | 346.066076 |
| Edition number | 22 |
| 110 ## - MAIN ENTRY--CORPORATE NAME | |
| Corporate name or jurisdiction name as entry element | India |
| 9 (RLIN) | 5780 |
| 240 ## - UNIFORM TITLE | |
| Uniform title | [Laws, etc.] |
| 245 10 - TITLE STATEMENT | |
| Title | Company law/ |
| Statement of responsibility, etc. | G. K. Kapoor |
| 260 ## - PUBLICATION, DISTRIBUTION, ETC. | |
| Place of publication, distribution, etc. | New Delhi : |
| Name of publisher, distributor, etc. | Sultan Chand, |
| Date of publication, distribution, etc. | 2003 |
| 300 ## - PHYSICAL DESCRIPTION | |
| Extent | 1v (various pagings); |
| Dimensions | 24 cm. |
| 650 #0 - SUBJECT ADDED ENTRY--TOPICAL TERM | |
| Topical term or geographic name entry element | Corporation law |
| 9 (RLIN) | 4663 |
| 887 ## - NON-MARC INFORMATION FIELD | |
| Content of non-MARC field | Uma |
| 901 ## - LOCAL DATA ELEMENT A, LDA (RLIN) | |
| a | DB101104 |
| b | 03.11.06 |
| 902 ## - LOCAL DATA ELEMENT B, LDB (RLIN) | |
| a | E 346.066076 K 141 c (3) |
| 904 ## - LOCAL DATA ELEMENT D, LDD (RLIN) | |
| a | Uma |
| 942 ## - ADDED ENTRY ELEMENTS (KOHA) | |
| Source of classification or shelving scheme | Dewey Decimal Classification |
| Koha item type | Books |
| Withdrawn status | Lost status | Damaged status | Not for loan | Collection code | Home library | Current library | Shelving location | Date acquired | Total Checkouts | Full call number | Date last seen | Price effective from | Koha item type |
|---|---|---|---|---|---|---|---|---|---|---|---|---|---|
| New English | National Library of India | National Library of India | New English - Main Stack Division | E 346.066076 K 141 c (3) | 02/06/2021 | 02/06/2021 | Books |
